Statistiques concernant Culture Pop par lettre - N

Cliquez ici pour prendre le quiz!

Statistiques générales

  • Ce quiz a été pris 1 345 fois
  • Le résultat moyen est 10 sur 15

Statistiques - réponses

CatégorieIndiceRéponse% Correct
CompagnieMultinationale japonaise à l'origine de la fabrication de la DS, de la Wii ou encore de la SwitchNintendo
96%
CélébritéPrésentateur des émissions "Taratata" et "N'oubliez pas les paroles"Nagui
93%
Livre / FilmLucy est la première de sa fratrie à rentrer dans ce monde imaginaire par une armoireNarnia
93%
MangaPersonnage principal du manga éponyme, meilleur ami de Sasuke, reconnaissable à son vêtement orange et noirNaruto
92%
CompagnieCélèbre plateforme de streaming américaineNetflix
89%
CélébritéRéalisateur d'Interstellar, Tenet, Dunkerque...Christopher Nolan
85%
Livre / FilmPrénom du personnage principal de la série de films "Les Animaux Fantastiques", célèbre magizoologiste du monde d'Harry PotterNorbert Dragonneau / Newt Scamander
72%
LieuCe quartier londonien a été témoin du coup de foudre entre Julia Roberts et Hugh GrantNotting Hill
63%
FilmUne nouvelle gouvernante énigmatique jouée par Emma Thompson arrive pour garder les enfants d'une famille nombreuseNanny McPhee
62%
Livre / FilmÉcrit par John Green, cette histoire suit la vie de Hazel Grace Lancaster atteinte d'un cancer de la thyroïde, jouée par Shailene Woodley dans l'adaptation cinématographiqueNos étoiles contraires
54%
InternetMême internet, chat avec un corps en Pop-Tart rose suivi par un arc-en-cielNyan Cat
54%
FilmSérie de films, avec Ben StillerLa Nuit au Musée
53%
Jeu VidéoSérie de jeu vidéo sur le Basket-Ball apparue en 1999NBA 2K
50%
CélébritéElle partage l'affiche du film "Grease" avec John TravoltaOlivia Newton-John
42%
FilmAtteinte de la maladie d'Alzheimer, Allie vit en maison de retraite. Chaque jour, Noah lui lit le même livre...N'oublie jamais
26%

Distribution des résultats

Percentile par nombre de réponses

% des personnes avec chaque résultat

Votre développement - résultats

Vous n’avez pas pris ce quiz